000 00810nam a22002651 4500
001 140951
003 ES-MaACL
005 20250804062604.0
007 t|
008 070918s1966 sp ||||0| spa d
016 7 _zIND2000945570
040 _aM-BN
_bspa
_cCDM
080 _a929 Confucio
080 _a299.512
100 1 _aWilhelm, Richard.
_9116843
245 1 0 _aConfucio /
_cRichard Wilhelm ; [traductor, A. García-Molins].
260 _aMadrid :
_bAlianza Editorial,
_c[1966]
300 _a270 p. ;
_c18 cm.
490 1 _ael libro de bolsillo. Sección humanidades ;
_v13
600 1 4 _aConfucio.
_940169
700 1 _aGarcía-Molins, A.
_954964
830 0 3 _aEl libro de bolsillo.
_pHumanidades
_v13
_9178672
852 _aES-MaACL
_jC-29958
_bR.60382
999 _c140951
_d140951